00995nam a2200253 a 450000100100000000500170001000800410002702000150006804000250008308200150010810000370012324501400016026000440030030000350034449000210037949000160040050400730041650400320048970000390052183000280056083000230058895201130061199900170072400001153920200929162502.0950411s1994 ck a b 000 0 spa  z9586015240 aDO-SdBNPbspacBNPHU axxxxbxxxx1 aJaramillo, Carlos Felipe.92729110aApertura, crisis y recuperacion :bla agricultura colombiana entre 1990 y 1994 /cCarlos Felipe Jaramillo ; prólogo Roberto Junguito. aBogota :bFONADE :bTM Editores,c1994. axvii, 253 p. :bill. ;c21 cm.1 aEconomia agraria1 aAcadémica aIncluye referencias bibliográficas y notas al pie de las páginas aBibliografía : p. 245-2531 aJunguito, Roberto,epról.927292 0aEconomia agraria927293 0aAcadémica927294 001050718MOaGRbGRcHDd2009-10-20iLF1l0oxxxx xxxxp11539-10r2020-06-25w2020-06-25y1ZNo se presta c11234d11234